Sergio salva el partido / (Record no. 17592)

MARC details
000 -LEADER
fixed length control field 01195cam a2200313 a 4500
001 - CONTROL NUMBER
control field sjds170080
003 - CONTROL NUMBER IDENTIFIER
control field sjds
005 - DATE AND TIME OF LATEST TRANSACTION
control field 20170614172317.0
008 - FIXED-LENGTH DATA ELEMENTS--GENERAL INFORMATION
fixed length control field 080812s2009 nyua b 000 1 spa
010 ## - LIBRARY OF CONGRESS CONTROL NUMBER
LC control number 2008029184
020 ## - INTERNATIONAL STANDARD BOOK NUMBER
International Standard Book Number 9780545253697 (Scholastic : pbk.)
040 ## - CATALOGING SOURCE
Original cataloging agency DLC
Transcribing agency sjds
Modifying agency BTCTA
-- XY4
-- UtOrBLW
041 ## - LANGUAGE CODE
Language code of text/sound track or separate title spa
Language code of original eng
099 ## - LOCAL FREE-TEXT CALL NUMBER (OCLC)
Classification number PICTURE BOOKS RODRIGUEZ
999 ## - SYSTEM CONTROL NUMBERS (KOHA)
Koha Dewey Subclass [OBSOLETE] PICTURE BOOKS RODRIGUEZ
100 1# - MAIN ENTRY--PERSONAL NAME
Personal name Rodriguez, Edel,
Relator term author.
240 ## - UNIFORM TITLE
Uniform title <a href="Sergio saves the game">Sergio saves the game</a>
245 10 - TITLE STATEMENT
Title Sergio salva el partido /
Statement of responsibility, etc. by Edel Rodriguez ; [translated by Juan Pablo Lombana].
260 ## - PUBLICATION, DISTRIBUTION, ETC. (IMPRINT)
Place of publication, distribution, etc. New York :
Name of publisher, distributor, etc. Scholastic
Date of publication, distribution, etc. 2010.
300 ## - PHYSICAL DESCRIPTION
Extent 1 volume (unpaged) :
Other physical details illustrations ;
Dimensions 26 cm
520 ## - SUMMARY, ETC.
Summary, etc. Although Sergio the penguin loves to play soccer, he is very clumsy and uncoordinated and he practices day and night, hoping he can help his team win the big game against the Seagulls.
521 8# - TARGET AUDIENCE NOTE
Target audience note AD 460
Source Lexile
526 0# - STUDY PROGRAM INFORMATION NOTE
Program name Accelerated Reader
Interest level LG
Reading level 2.4
Title point value 0.5
Public note 129568
650 #0 - SUBJECT ADDED ENTRY--TOPICAL TERM
Topical term or geographic name as entry element Penguins
Form subdivision Juvenile fiction.
650 #0 - SUBJECT ADDED ENTRY--TOPICAL TERM
Topical term or geographic name as entry element Soccer stories
Form subdivision Juvenile literature.
650 #0 - SUBJECT ADDED ENTRY--TOPICAL TERM
Topical term or geographic name as entry element Clumsiness
Form subdivision Juvenile fiction.
700 ## - ADDED ENTRY--PERSONAL NAME
Personal name Lombana, Juan Pablo
Relator term trans.
942 ## - ADDED ENTRY ELEMENTS (KOHA)
Koha item type Libro/Book
Source of classification or shelving scheme Dewey Decimal Classification

No items available.

Powered by Koha